Geomechanics for Energy and a Sustainable Environment (Record no. 13688)

MARC details
000 -LEADER
fixed length control field 01050nam a2200121Ia 4500
008 - FIXED-LENGTH DATA ELEMENTS--GENERAL INFORMATION
fixed length control field 220615s9999||||xx |||||||||||||| ||und||
100 ## - MAIN ENTRY--PERSONAL NAME
Personal name Cho, Gye-Chun||Chang, Ilhan
245 #0 - TITLE STATEMENT
Title Geomechanics for Energy and a Sustainable Environment
546 ## - LANGUAGE NOTE
Language note English[eng]
650 ## - SUBJECT ADDED ENTRY--TOPICAL TERM
Topical term or geographic name entry element HLW disposal||strength criterion||dilation angle||mechanical property||shear shrinkage||clay content||constitutive model||hydrate mining||temperature field||greenhouse gas||disaster||plastic strain||phase change||extreme precipitation||geotechnical engineering hazard||slippage at the interface||plastic shear strain||soil stabilization||shear/normal coupling stiffness||temperature||triaxial shear||numerical simulation||depressurization method||CWFS||climate change||carbon dioxide||wellbore stability analysis||direct shear experiment||damage process||global warming||methane hydrate||normal stress||ground improvement||yield condition||granite||lattice Boltzmann method||artificial frozen soil wall
856 ## - ELECTRONIC LOCATION AND ACCESS
Uniform Resource Identifier <a href="https://www.mdpi.com/books/pdfview/book/1978">https://www.mdpi.com/books/pdfview/book/1978</a>
942 ## - ADDED ENTRY ELEMENTS (KOHA)
Koha item type E-Books
Holdings
Withdrawn status Lost status Damaged status Not for loan Home library Current library Date acquired Total Checkouts Date last seen Price effective from Koha item type
        Kerala University of Digital Sciences, Innovation and Technology Knowledge Centre Kerala University of Digital Sciences, Innovation and Technology Knowledge Centre 15/06/2022   15/06/2022 15/06/2022 E-Books